Statistics for Acotar series quiz

Click here to take the quiz!

General Stats

  • This quiz has been taken 420 times
    (184 since last reset)
  • The average score is 36 of 59

Answer Stats

HintAnswer% Correct
General commander of the Night court's armiesCassian
100%
SpymasterAzriel
99%
The most handsome High lordRhysand
99%
HuntressFeyre
98%
Flower girlElain
96%
Lady Death
Nesta
95%
High lord of the Spring courtTamlin
91%
High lord of the Day courtHelion
86%
Proclaimed herself Queen of PrythianAmarantha
85%
Second in command of the Night courtAmren
84%
Hidden City of the Night courtVelaris
82%
What is the answer to Amarantha's riddle?Love
81%
Food Feyre gave to Rhysand when she accepted the mating bondSoup
81%
Object stolen from the Weaver's cottage
Ring
80%
Heir to the Autumn court throneEris
80%
Court from which Cassian is bannedSummer
80%
High lord of the Summer courtTarquin
79%
Third in command of the Night courtMorrigan
78%
Third drawer of Feyre's dresser (the top one)Flowers
77%
Was on the other side of the wall during Feyre's second trialLucien
77%
First drawer of Feyre's dresser (the bottom one)Night sky and stars
77%
High Priestess of the Spring courtIanthe
74%
Piece of furniture used during chapter 55 (iykyk)Table
74%
Second drawer of Feyre's dresser (the middle one)Flames
73%
High lord of the Autumn courtBeron
70%
Object in which they were plungedThe Cauldron
70%
What is tattooed on Feyre's left palm?Eye
69%
Revealed the truth about Feyre and Rhysand's relationshipThe Suriel
69%
Group of warriors possessing bat wingsIllyrians
66%
Nickname given to Az, Rhys and CassBat Boys
65%
or the court of...Dreams
65%
Name of the city in which Nesta and Elain became FaeHybern
63%
Also know as...The court of nightmares
62%
Object sent by Tarquin as a warningBlood Ruby
60%
Showed Feyre a way to get Under The Mountain to rescue TamlinAlis
58%
Also know as...The City of Starlight
57%
Why does she have a tattoo? (only one word is expected)Bargain
55%
Girl killed instead of Feyre Under The MountainClare Beddor
55%
High lord of the Winter courtKallias
55%
Who breaks the bond?King of Hybern
52%
To the stars who listen...and the dreams that are answered
47%
Nickname given to Feyre by the ones trapped Under The MountainCursebreaker
47%
Reason why he's bannedDestroying a building
47%
Group of female warriorsValkyries
47%
Other important city in the Night courtHewn city
45%
Reason why Feyre stabbed Tamlin during her last trial (only three words are expected)Heart of stone
42%
High lord of the Dawn courtThesan
42%
What is the animal in Feyre's first trial?Middengard Wyrm
38%
Object stolen from the Summer court in ACOMAFBook of breathings
37%
Red head priestess and Illyrian womanGwyn and Emerie
37%
What is Helion to Lucien in secret?His Father
37%
Name of the mountain you have to climb for the Blood RiteRamiel
37%
Lady of the Winter courtViviane
35%
Name of Nesta's swordAtaraxia
31%
I am the rock...against which the surf crashes
15%
Name of the object Feyre had to give to the Bone CarverOuroboros mirror
15%
Leave the world...a better place than how you found it
9%
Nickname given to Lucien and ErisFox Boys
8%
When you spend so long trapped in darkness...you find that the darkness begins to stare back
8%

Score Distribution

Percentile by Number Answered

Percent of People with Each Score

Your Score History

You have not taken this quiz since the last reset